[Event "SRB-chT (Women)"]
[Site "Subotica"]
[Date "2019.08.28"]
[Round "7.5"]
[White "Vuckovic, Jovana"]
[Black "Stojanovic, Andjelija"]
[Result "0-1"]
[WhiteElo "1947"]
[BlackElo "2350"]
[PlyCount "80"]
[EventDate "2019.08.22"]
[EventType "team-tourn"]
[EventRounds "11"]
[EventCountry "SRB"]
[SourceTitle "EXT 2020"]
[Source "ChessBase"]
[SourceDate "2019.10.17"]
[SourceVersion "1"]
[SourceVersionDate "2019.10.17"]
[SourceQuality "1"]
[WhiteTeam "Nova Varos Zlatar (W)"]
[BlackTeam "Belgrade Bas (W)"]
[WhiteTeamCountry "SRB"]
[BlackTeamCountry "SRB"]

1. d4 d5 2. c4 e6 3. Nc3 Nf6 4. Bg5 Be7 5. Nf3 0-0 6. e3 h6 7. Bh4 Ne4 8. Bxe7 Qxe7 9. Qc2 Nxc3 10. Qxc3 dxc4 11. Bxc4 b6 12. 0-0 Bb7 13. Rad1 Nd7 14. b4 Qf6 15. Be2 c5 16. Qb3 cxb4 17. Qxb4 Rfc8 18. Qd6 Qd8 19. Rc1 Rxc1 20. Rxc1 Rc8 21. Rxc8 Qxc8 22. h3 Qc6 23. Qe7 g6 24. Qa3 a5 25. Qb3 Qc1+ 26. Kh2 Bd5 27. Qb5 Qc7+ 28. g3 Nf6 29. Qb1 Ne4 30. Ne5 Nxf2 31. Qf1 Ne4 32. Bd3 Kg7 33. Qf4 Nf6 34. a4 Qc1 35. e4 Qxf4 36. gxf4 Nxe4 37. Nd7 Nc3 38. Bc2 b5 39. axb5 Nxb5 40. Bd1 Nc3 0-1

[Event "SRB-chT (Women)"]
[Site "Valjevo"]
[Date "2018.09.08"]
[Round "9.2"]
[White "Arsovic, Jelena"]
[Black "Vuckovic, Jovana"]
[Result "1-0"]
[WhiteElo "2034"]
[BlackElo "1992"]
[PlyCount "114"]
[EventDate "2018.08.31"]
[EventType "team-tourn"]
[EventRounds "11"]
[EventCountry "SRB"]
[SourceTitle "CBM 186 Extra"]
[Source "ChessBase"]
[SourceDate "2018.08.24"]
[SourceVersion "1"]
[SourceVersionDate "2018.08.24"]
[SourceQuality "1"]
[WhiteTeam "Kac Jugovic (W)"]
[BlackTeam "Zlatar (W)"]
[WhiteTeamCountry "SRB"]
[BlackTeamCountry "SRB"]

1. e4 c5 2. Nf3 g6 3. d4 cxd4 4. Qxd4 Nf6 5. Nc3 Nc6 6. Qa4 Bg7 7. e5 Ng8 8. Bf4 f6 9. exf6 Nxf6 10. Bc4 Qa5 11. 0-0 Qxa4 12. Nxa4 d5 13. Bb5 Bd7 14. Nc5 a6 15. Bxc6 bxc6 16. Ne5 Nh5 17. Nexd7 Nxf4 18. c3 Ra7 19. Nb6 Kf7 20. g3 Ne6 21. Nbd7 Nxc5 22. Nxc5 e5 23. Rfe1 a5 24. Rad1 Rb8 25. Re2 Rb5 26. Nd3 e4 27. Nf4 g5 28. Nh5 Bh8 29. g4 a4 30. f3 Re7 31. fxe4 dxe4 32. Rf1+ Ke8 33. Nf6+ Bxf6 34. Rxf6 Kd7 35. a3 Rd5 36. Kf2 Rd6 37. Rf8 Ree6 38. Ra8 Rd3 39. Rxa4 Rf3+ 40. Ke1 e3 41. Ra7+ Kd6 42. Rxh7 Ke5 43. Rg2 Ke4 44. Rd7 c5 45. Ke2 Rh3 46. b4 cxb4 47. axb4 Ra6 48. Rd4+ Ke5 49. Rg3 Rxh2+ 50. Kxe3 Raa2 51. Kd3 Rhc2 52. Re3+ Kf6 53. Kc4 Ra8 54. Rd6+ Kf7 55. Rd5 Rc8+ 56. Rc5 Rg8 57. Ree5 Rf2 1-0

[Event "SRB-chT (Women)"]
[Site "Valjevo"]
[Date "2018.09.06"]
[Round "7.3"]
[White "Sakotic, Ana"]
[Black "Vuckovic, Jovana"]
[Result "1-0"]
[WhiteElo "1706"]
[BlackElo "1992"]
[PlyCount "51"]
[EventDate "2018.08.31"]
[EventType "team-tourn"]
[EventRounds "11"]
[EventCountry "SRB"]
[SourceTitle "CBM 186 Extra"]
[Source "ChessBase"]
[SourceDate "2018.08.24"]
[SourceVersion "1"]
[SourceVersionDate "2018.08.24"]
[SourceQuality "1"]
[WhiteTeam "Banovci Dunav (W)"]
[BlackTeam "Zlatar (W)"]
[WhiteTeamCountry "SRB"]
[BlackTeamCountry "SRB"]

1. e4 c5 2. Nf3 a6 3. c3 d5 4. exd5 Qxd5 5. Be2 Nf6 6. h3 Nc6 7. 0-0 e6 8. Na3 Be7 9. Nc2 0-0 10. d4 cxd4 11. Ncxd4 Nxd4 12. Nxd4 e5 13. Nf3 Qa5 14. Qc2 Qc7 15. Bg5 Re8 16. Rfe1 h6 17. Bh4 Nd7 18. Bxe7 Rxe7 19. Bd3 Nc5 20. Rad1 Bd7 21. Qd2 Bc6 22. Be2 Ne4 23. Qc2 f5 24. Nh4 f4 25. Bc4+ Kh7 26. Bd3 1-0

[Event "SRB-chT (Women)"]
[Site "Novi Sad"]
[Date "2017.09.07"]
[Round "7.4"]
[White "Maksimovic, Suzana"]
[Black "Vuckovic, Jovana"]
[Result "1-0"]
[WhiteElo "2143"]
[BlackElo "1989"]
[PlyCount "65"]
[EventDate "2017.09.01"]
[EventType "team-tourn"]
[EventRounds "11"]
[EventCountry "SRB"]
[SourceTitle "CBM 180 Extra"]
[Source "ChessBase"]
[SourceDate "2017.10.06"]
[SourceVersion "1"]
[SourceVersionDate "2017.10.06"]
[SourceQuality "1"]
[WhiteTeam "Kac Jugovic (W)"]
[BlackTeam "Nova Varos Zlatar (W)"]
[WhiteTeamCountry "SRB"]
[BlackTeamCountry "SRB"]

1. e4 c5 2. b4 b6 3. bxc5 bxc5 4. Nc3 Bb7 5. Rb1 Bc6 6. Nf3 g6 7. Bc4 Bg7 8. 0-0 d6 9. d4 cxd4 10. Nxd4 Nf6 11. Rxb8 Rxb8 12. Nxc6 Qc7 13. Nd5 Nxd5 14. exd5 0-0 15. Re1 Bf6 16. Qf3 Kg7 17. Bd2 a5 18. a4 Rfe8 19. Re4 Qb6 20. Bb3 Qc5 21. g3 h5 22. Rf4 Rf8 23. Rxf6 exf6 24. Bc3 Kh7 25. Qxf6 Rg8 26. Qxf7+ Kh6 27. Bd2+ g5 28. h4 Rg7 29. hxg5+ Kh7 30. g6+ Kh8 31. Qf6 Qb6 32. Bc3 Qc7 33. Ne7 1-0

[Event "SRB-chT (Women)"]
[Site "Novi Sad"]
[Date "2017.09.04"]
[Round "4.3"]
[White "Vuckovic, Jovana"]
[Black "Milutinovic, Stefana"]
[Result "0-1"]
[WhiteElo "1989"]
[BlackElo "2162"]
[PlyCount "74"]
[EventDate "2017.09.01"]
[EventType "team-tourn"]
[EventRounds "11"]
[EventCountry "SRB"]
[SourceTitle "CBM 180 Extra"]
[Source "ChessBase"]
[SourceDate "2017.10.06"]
[SourceVersion "1"]
[SourceVersionDate "2017.10.06"]
[SourceQuality "1"]
[WhiteTeam "Nova Varos Zlatar (W)"]
[BlackTeam "Belgrade Rad (W)"]
[WhiteTeamCountry "SRB"]
[BlackTeamCountry "SRB"]

1. c4 g6 2. Nf3 Bg7 3. g3 c5 4. Bg2 Nc6 5. 0-0 d6 6. Nc3 Nf6 7. d4 0-0 8. e3 cxd4 9. Nxd4 Bd7 10. b3 Rc8 11. Bb2 a6 12. Rc1 Re8 13. Nd5 Nxd5 14. Bxd5 Bh3 15. Bg2 Bxg2 16. Kxg2 Ne5 17. Qe2 Qd7 18. f4 Nc6 19. Nf3 Bxb2 20. Qxb2 b5 21. Rfd1 Qb7 22. Qd2 Red8 23. Qd5 e6 24. Qg5 Kg7 25. g4 h6 26. Qh4 bxc4 27. Rxc4 Ne7 28. Rxc8 Rxc8 29. Qf2 Nd5 30. Kg3 Kh7 31. Rd4 Rc3 32. Qd2 Qc7 33. f5 gxf5 34. gxf5 Nxe3 35. Qe1 Nxf5+ 36. Kg2 Nxd4 37. Qe4+ Nf5 0-1

[Event "SRB-chT (Women)"]
[Site "Novi Sad"]
[Date "2017.09.02"]
[Round "2.4"]
[White "Milosevic, Milica"]
[Black "Vuckovic, Jovana"]
[Result "0-1"]
[WhiteElo "1689"]
[BlackElo "1989"]
[PlyCount "64"]
[EventDate "2017.09.01"]
[EventType "team-tourn"]
[EventRounds "11"]
[EventCountry "SRB"]
[SourceTitle "CBM 180 Extra"]
[Source "ChessBase"]
[SourceDate "2017.10.06"]
[SourceVersion "1"]
[SourceVersionDate "2017.10.06"]
[SourceQuality "1"]
[WhiteTeam "Kostolac Rudar (W)"]
[BlackTeam "Nova Varos Zlatar (W)"]
[WhiteTeamCountry "SRB"]
[BlackTeamCountry "SRB"]

1. d4 c5 2. dxc5 Qa5+ 3. Nd2 Qxc5 4. Ngf3 Nf6 5. e4 d6 6. h3 g6 7. Bd3 Bg7 8. 0-0 0-0 9. Nb3 Qc7 10. c3 Nc6 11. Nbd4 a6 12. Qe2 Nd7 13. Be3 Rb8 14. Nxc6 bxc6 15. Bd4 e5 16. Be3 a5 17. b3 d5 18. Rac1 f5 19. Ng5 Nf6 20. exd5 cxd5 21. Bb1 f4 22. Bd2 Qd6 23. c4 h6 24. Nf3 e4 25. Nd4 f3 26. Qe3 fxg2 27. Kxg2 Nh5 28. Rh1 Nf4+ 29. Kf1 Nxh3 30. Be1 Ng5 31. Bxa5 dxc4 32. Rxc4 Ba6 0-1

[Event "SRB-chT (Women)"]
[Site "Kragujevac"]
[Date "2016.09.22"]
[Round "1.4"]
[White "Stojanovic, Andjelija"]
[Black "Vuckovic, Jovana"]
[Result "1-0"]
[WhiteElo "2343"]
[BlackElo "1952"]
[PlyCount "81"]
[EventDate "2016.09.22"]
[EventType "team-tourn"]
[EventRounds "11"]
[EventCountry "SRB"]
[SourceTitle "CBM 174 Extra"]
[Source "ChessBase"]
[SourceDate "2016.10.10"]
[SourceVersion "1"]
[SourceVersionDate "2016.10.10"]
[SourceQuality "1"]
[WhiteTeam "BAS (W)"]
[BlackTeam "Zlatar (W)"]
[WhiteTeamCountry "SRB"]
[BlackTeamCountry "SRB"]

1. e4 c5 2. Nf3 Nc6 3. d4 cxd4 4. Nxd4 g6 5. c4 Nxd4 6. Qxd4 Nf6 7. e5 Ng8 8. Nc3 Bg7 9. Bf4 f6 10. Nd5 f5 11. Qc5 b6 12. Nc7+ Kf8 13. Qd5 Qxc7 14. Qxa8 e6 15. Qf3 Bxe5 16. Bxe5 Qxe5+ 17. Be2 Qxb2 18. 0-0 Nf6 19. Rab1 Qe5 20. Qa3+ Kf7 21. Bf3 Qc7 22. Rbc1 g5 23. c5 h5 24. cxb6 Qxb6 25. Rb1 Qd4 26. Rfd1 Qf4 27. Qxa7 g4 28. Bb7 h4 29. Qd4 Qg5 30. Qe5 Rg8 31. Bxc8 Rxc8 32. a4 Rc6 33. a5 Kg6 34. Qe3 f4 35. Qd3+ Kh6 36. a6 g3 37. hxg3 hxg3 38. fxg3 Ng4 39. gxf4 Qh4 40. Qh3 Qxh3 41. gxh3 1-0

[Event "SRB-chT (Women)"]
[Site "Kragujevac"]
[Date "2015.08.27"]
[Round "8.2"]
[White "Vuckovic, Jovana"]
[Black "Velikic, Adela"]
[Result "0-1"]
[WhiteElo "1900"]
[BlackElo "2302"]
[PlyCount "74"]
[EventDate "2015.08.20"]
[EventType "team-tourn"]
[EventRounds "11"]
[EventCountry "SRB"]
[SourceTitle "EXT 2016"]
[Source "ChessBase"]
[SourceDate "2015.10.08"]
[SourceVersion "1"]
[SourceVersionDate "2015.10.08"]
[SourceQuality "1"]
[WhiteTeam "Nova Varos Zlatar (W)"]
[BlackTeam "Goracici Jelica (W)"]
[WhiteTeamCountry "SRB"]
[BlackTeamCountry "SRB"]

1. c4 e6 2. Nc3 d5 3. d4 Nf6 4. Bg5 c6 5. e3 Nbd7 6. Nf3 Qa5 7. Bxf6 Nxf6 8. Ne5 Bb4 9. Qb3 Bd6 10. Nf3 0-0 11. Bd3 dxc4 12. Bxc4 e5 13. dxe5 Bxe5 14. 0-0 Bc7 15. Ne2 Bg4 16. Ng3 Bxg3 17. fxg3 b5 18. Bd3 Qb6 19. Rae1 Rae8 20. Kh1 a6 21. Bb1 h6 22. Qd3 Be6 23. Ne5 Bc4 24. Nxc4 bxc4 25. Qxc4 Rxe3 26. Rxe3 Qxe3 27. Qxa6 Re8 28. Qd3 Qe5 29. b3 g6 30. Qf3 Re6 31. Bd3 Rd6 32. Bc4 Kg7 33. a4 Qc5 34. Qf4 g5 35. Qf3 Qd4 36. a5 Rd7 37. a6 Ne4 0-1

[Event "SRB-chT (Women)"]
[Site "Palic"]
[Date "2014.09.03"]
[Round "5.1"]
[White "Rakic, Marija"]
[Black "Vuckovic, Jovana"]
[Result "1-0"]
[WhiteElo "2323"]
[BlackElo "1888"]
[PlyCount "103"]
[EventDate "2014.08.30"]
[EventType "team-tourn"]
[EventRounds "11"]
[EventCountry "SRB"]
[SourceTitle "CBM 162 Extra"]
[Source "ChessBase"]
[SourceDate "2014.10.17"]
[SourceVersion "1"]
[SourceVersionDate "2014.10.17"]
[SourceQuality "1"]
[WhiteTeam "Goracici Jelica (W)"]
[BlackTeam "Nova Varos (W)"]
[WhiteTeamCountry "SRB"]
[BlackTeamCountry "SRB"]

1. d4 c5 2. d5 Nf6 3. Nf3 e6 4. c4 exd5 5. cxd5 d6 6. Nc3 g6 7. Nd2 Nbd7 8. e4 Bg7 9. Be2 0-0 10. 0-0 Re8 11. a4 a6 12. Ra3 Ne5 13. Qc2 g5 14. Nd1 h6 15. Ne3 Bd7 16. a5 Ng6 17. g3 g4 18. Ndc4 Bf8 19. Nb6 Rb8 20. Nxd7 Qxd7 21. f3 gxf3 22. Bxf3 Nh7 23. Nf5 Ng5 24. Bg2 Ne7 25. Ne3 Bg7 26. h4 Nh7 27. Kh2 Nf6 28. Bh3 Qd8 29. Nf5 Nxf5 30. Bxf5 h5 31. Bg5 Qc7 32. Bxf6 Bxf6 33. Qe2 Be5 34. Qxh5 f6 35. Be6+ Kf8 36. Raf3 Qg7 37. Kh3 Ke7 38. Bg4 Kd8 39. b3 Kc7 40. Rc1 Rh8 41. Qf5 b5 42. axb6+ Rxb6 43. Rcf1 Rbb8 44. Rd3 Rh6 45. Qf2 Rbh8 46. Bf5 Qg5 47. Qe1 Kb7 48. Rdf3 Qg7 49. b4 Qc7 50. bxc5 Qxc5 51. Qd2 Rc8 52. Qxh6 1-0

[Event "SRB-chT (Women)"]
[Site "Kragujevac"]
[Date "2013.08.30"]
[Round "7.4"]
[White "Zivic, Radmila"]
[Black "Vuckovic, Jovana"]
[Result "1/2-1/2"]
[WhiteElo "2029"]
[BlackElo "1868"]
[PlyCount "61"]
[EventDate "2013.08.24"]
[EventType "team-tourn"]
[EventRounds "11"]
[EventCountry "SRB"]
[SourceTitle "CBM 156 Extra"]
[Source "ChessBase"]
[SourceDate "2013.10.22"]
[SourceVersion "1"]
[SourceVersionDate "2013.10.22"]
[SourceQuality "1"]
[WhiteTeam "Belgrade Rad (W)"]
[BlackTeam "Nova Varos (W)"]
[WhiteTeamCountry "SRB"]
[BlackTeamCountry "SRB"]

1. e4 c5 2. c3 Nf6 3. e5 Nd5 4. Nf3 e6 5. g3 d6 6. d4 cxd4 7. cxd4 Nc6 8. Bg2 Be7 9. 0-0 0-0 10. Re1 Qc7 11. a3 b6 12. Qd3 dxe5 13. dxe5 Bb7 14. Nc3 Nxc3 15. Qxc3 Rac8 16. b4 Rfd8 17. Bf4 Nd4 18. Qxc7 Nxf3+ 19. Bxf3 Rxc7 20. Bxb7 Rxb7 21. Rac1 a5 22. bxa5 bxa5 23. Rc3 h6 24. Kg2 Rd5 25. Re4 Rdb5 26. Ra4 Kh7 27. g4 Rb3 28. Rxb3 Rxb3 29. Rxa5 Rxa3 30. Rxa3 Bxa3 31. h4 1/2-1/2

[Event "SRB-chT (Women)"]
[Site "Kragujevac"]
[Date "2013.08.27"]
[Round "4.5"]
[White "Vuckovic, Jovana"]
[Black "Dragasevic, Antonina"]
[Result "1-0"]
[WhiteElo "1868"]
[BlackElo "2153"]
[PlyCount "101"]
[EventDate "2013.08.24"]
[EventType "team-tourn"]
[EventRounds "11"]
[EventCountry "SRB"]
[SourceTitle "CBM 156 Extra"]
[Source "ChessBase"]
[SourceDate "2013.10.22"]
[SourceVersion "1"]
[SourceVersionDate "2013.10.22"]
[SourceQuality "1"]
[WhiteTeam "Nova Varos (W)"]
[BlackTeam "Belgrade Radnicki (W)"]
[WhiteTeamCountry "SRB"]
[BlackTeamCountry "SRB"]

1. d4 d5 2. Nf3 e6 3. c4 f5 4. Nc3 c6 5. Bg5 Nf6 6. e3 Nbd7 7. Bd3 g6 8. 0-0 Bg7 9. b4 Qe7 10. Rb1 h6 11. Bxf6 Bxf6 12. b5 0-0 13. bxc6 bxc6 14. cxd5 cxd5 15. Qa4 Nb8 16. Rfc1 Bd7 17. Bb5 Rd8 18. Qb3 Bxb5 19. Qxb5 Qd7 20. Na4 Qxb5 21. Rxb5 Nd7 22. Rb7 Rac8 23. Rxc8 Rxc8 24. g3 Nb6 25. Nc5 Re8 26. Rxa7 Nc4 27. a4 e5 28. Nd7 Bg7 29. Ndxe5 Nxe5 30. dxe5 Bxe5 31. Ra5 Bc3 32. Rxd5 Ra8 33. Rc5 Bb4 34. Rb5 Rxa4 35. Nh4 Kf7 36. Rb7+ Be7 37. Nxg6 Kxg6 38. Rxe7 Kg5 39. Kg2 Ra2 40. h3 Kf6 41. Rd7 Rb2 42. Rd6+ Kg7 43. g4 fxg4 44. hxg4 Ra2 45. Kg3 Rb2 46. e4 Ra2 47. f3 Ra7 48. e5 Ra1 49. Kf4 Rf1 50. Ke4 Rf2 51. f4 1-0

[Event "SRB-chT (Women)"]
[Site "Kragujevac"]
[Date "2013.08.25"]
[Round "2.6"]
[White "Eric, Jovana"]
[Black "Vuckovic, Jovana"]
[Result "1-0"]
[WhiteElo "2223"]
[BlackElo "1868"]
[PlyCount "87"]
[EventDate "2013.08.24"]
[EventType "team-tourn"]
[EventRounds "11"]
[EventCountry "SRB"]
[SourceTitle "CBM 156 Extra"]
[Source "ChessBase"]
[SourceDate "2013.10.22"]
[SourceVersion "1"]
[SourceVersionDate "2013.10.22"]
[SourceQuality "1"]
[WhiteTeam "Goracici Jelica (W)"]
[BlackTeam "Nova Varos (W)"]
[WhiteTeamCountry "SRB"]
[BlackTeamCountry "SRB"]

1. e4 c5 2. Nf3 Nc6 3. d4 cxd4 4. Nxd4 g6 5. c4 Nf6 6. Nc3 Nxd4 7. Qxd4 d6 8. Be2 Bg7 9. Be3 0-0 10. Qd2 Be6 11. f3 a6 12. 0-0 Rc8 13. Nd5 Bxd5 14. exd5 Nd7 15. Rac1 a5 16. Rfe1 Re8 17. f4 Nc5 18. Bf3 Qb6 19. b3 Ra8 20. Kh1 Qb4 21. Qe2 a4 22. Rb1 axb3 23. axb3 Nxb3 24. Qc2 Ra1 25. Red1 Rxb1 26. Rxb1 Na1 27. Qa2 Qc3 28. Bd2 Qd3 29. Rd1 Qb3 30. Rxa1 Qb6 31. Rb1 Qc7 32. Qb3 Ra8 33. h3 b6 34. Be3 Qd7 35. Qxb6 Qf5 36. Qb7 Ra3 37. Qb8+ Bf8 38. Rb3 Ra1+ 39. Kh2 Re1 40. Qa7 Bh6 41. Rb8+ Kg7 42. Qd4+ f6 43. Bg4 Qc2 44. Be6 1-0

[Event "SRB-chT (Women)"]
[Site "Valjevo"]
[Date "2012.09.23"]
[Round "7.2"]
[White "Vuckovic, Jovana"]
[Black "Vujic Katanic, Branka"]
[Result "1/2-1/2"]
[WhiteElo "1856"]
[BlackElo "2099"]
[PlyCount "59"]
[EventDate "2012.09.17"]
[EventType "team-tourn"]
[EventRounds "11"]
[EventCountry "SRB"]
[SourceTitle "CBM 150 Extra"]
[Source "ChessBase"]
[SourceDate "2012.10.19"]
[SourceVersion "1"]
[SourceVersionDate "2012.10.19"]
[SourceQuality "1"]
[WhiteTeam "Nova Varos (W)"]
[BlackTeam "Novi Sad Sah Kruzok (W)"]
[WhiteTeamCountry "SRB"]
[BlackTeamCountry "SRB"]

1. Nf3 d5 2. c4 d4 3. d3 Nc6 4. g3 e5 5. Bg2 Nf6 6. 0-0 Be7 7. Nbd2 0-0 8. a3 a5 9. Qc2 Re8 10. Rb1 Bf5 11. Ng5 Bg4 12. Re1 Nd7 13. Ngf3 Bf8 14. Nf1 f6 15. h3 Bh5 16. g4 Bg6 17. Ng3 a4 18. Bd2 Ra7 19. Nh4 Bf7 20. Nf3 g6 21. Ne4 h6 22. Ng3 Kh7 23. Kh1 Qe7 24. e4 Nc5 25. Nh2 Nb3 26. Rf1 Be6 27. f4 exf4 28. Bxf4 Qd7 29. Rbe1 Nc5 30. Rf2 1/2-1/2

[Event "SRB-chT (Women)"]
[Site "Valjevo"]
[Date "2011.09.03"]
[Round "8.1"]
[White "Zivkovic, Vesna"]
[Black "Vuckovic, Jovana"]
[Result "1-0"]
[WhiteElo "2058"]
[BlackElo "1875"]
[PlyCount "107"]
[EventDate "2011.08.27"]
[EventType "team-tourn"]
[EventRounds "11"]
[EventCountry "SRB"]
[SourceTitle "CBM 144 Extra"]
[Source "ChessBase"]
[SourceDate "2011.10.28"]
[SourceVersion "1"]
[SourceVersionDate "2011.10.28"]
[SourceQuality "1"]
[WhiteTeam "Rudovci Radnicki (W)"]
[BlackTeam "Nova Varos (W)"]
[WhiteTeamCountry "SRB"]
[BlackTeamCountry "SRB"]

1. Nf3 Nf6 2. g3 c5 3. c4 Nc6 4. Nc3 g6 5. Bg2 Bg7 6. d3 0-0 7. 0-0 d5 8. cxd5 Nxd5 9. Bd2 b6 10. Nxd5 Qxd5 11. Bc3 Bb7 12. Ne5 Qd6 13. Ng4 Qd7 14. Qa4 a6 15. Rac1 Rfd8 16. Qf4 Bxc3 17. bxc3 Rf8 18. Rb1 b5 19. Rfc1 Rab8 20. Rb2 Ba8 21. Rcb1 Qe6 22. d4 cxd4 23. cxd4 Na5 24. d5 Qd7 25. d6 Bxg2 26. Kxg2 Qxd6 27. Qxd6 exd6 28. Nf6+ Kg7 29. Nd7 Nc4 30. Rb4 Na3 31. Rd1 Rbd8 32. Nxf8 Kxf8 33. Rd3 a5 34. Rbd4 Nc4 35. a4 Ne5 36. Rxd6 Re8 37. R3d4 b4 38. R6d5 f6 39. Rb5 Re6 40. Rd8+ Ke7 41. Rh8 Nc6 42. Rxh7+ Kd6 43. e3 Re4 44. Rh6 Re5 45. Rb7 Re7 46. Rb6 Kc5 47. Rb5+ Kc4 48. Rxg6 Kb3 49. Rxf6 Kxa4 50. Rc5 Rb7 51. Rcxc6 b3 52. Rb6 Rxb6 53. Rxb6 Ka3 54. h4 1-0

[Event "SRB-chT (Women)"]
[Site "Novi Sad"]
[Date "2010.08.30"]
[Round "8"]
[White "Bojovic, Jovana"]
[Black "Vuckovic, Jovana"]
[Result "1-0"]
[WhiteElo "1885"]
[BlackElo "1858"]
[PlyCount "107"]
[EventDate "2010.08.23"]
[EventType "team-tourn"]
[EventRounds "11"]
[EventCountry "YUG"]
[SourceTitle "CBM 138 Extra"]
[Source "ChessBase"]
[SourceDate "2010.10.29"]
[SourceVersion "1"]
[SourceVersionDate "2010.10.29"]
[SourceQuality "1"]

1. e4 c5 2. Nf3 Nc6 3. d4 cxd4 4. Nxd4 g6 5. Nc3 Bg7 6. Be3 Nf6 7. Nxc6 bxc6 8. e5 Ng8 9. Bd4 Qa5 10. e6 f6 11. exd7+ Bxd7 12. Bc4 Nh6 13. 0-0 Nf5 14. Re1 Qb4 15. b3 Qd6 16. Be3 Qxd1 17. Raxd1 Nxe3 18. Rxe3 e5 19. Ne4 Ke7 20. Nc5 Bf5 21. h3 Rhd8 22. Ree1 Bh6 23. Bd3 Rd5 24. Bxf5 gxf5 25. Nd3 Rad8 26. Re2 Kf7 27. Rde1 Rd4 28. g3 a5 29. Nc5 Bf8 30. Nd3 e4 31. Nb2 Bb4 32. Rc1 Ba3 33. Rb1 Rd2 34. Rxd2 Rxd2 35. Nc4 Rxc2 36. Nxa3 Rxa2 37. Nc4 a4 38. bxa4 Rxa4 39. Ne3 Ra5 40. Rc1 h5 41. Rxc6 Kg6 42. Rd6 h4 43. gxh4 f4 44. Nd5 Kf5 45. Nxf6 Ra1+ 46. Kg2 f3+ 47. Kh2 e3 48. Ng4 e2 49. Rf6+ Ke4 50. Re6+ Kf5 51. Re3 Kf4 52. Ne5 Rd1 53. Nxf3 e1Q 54. Nxe1 1-0

[Event "SRB-chT (Women)"]
[Site "Novi Sad"]
[Date "2010.08.24"]
[Round "2"]
[White "Djuric, Olgica"]
[Black "Vuckovic, Jovana"]
[Result "0-1"]
[WhiteElo "1889"]
[BlackElo "1858"]
[PlyCount "48"]
[EventDate "2010.08.23"]
[EventType "team-tourn"]
[EventRounds "11"]
[EventCountry "YUG"]
[SourceTitle "CBM 138 Extra"]
[Source "ChessBase"]
[SourceDate "2010.10.29"]
[SourceVersion "1"]
[SourceVersionDate "2010.10.29"]
[SourceQuality "1"]

1. d4 Nf6 2. Nf3 c5 3. d5 e6 4. c4 exd5 5. cxd5 d6 6. Bg5 Nbd7 7. Nbd2 Be7 8. e4 0-0 9. Bd3 Rb8 10. a4 a6 11. Qe2 Nxd5 12. Bxe7 Nxe7 13. 0-0 Nf6 14. Rfd1 Qc7 15. Rac1 Nc6 16. Nc4 Bg4 17. Bb1 Bxf3 18. gxf3 Nd4 19. Qd3 b5 20. axb5 axb5 21. Nd2 Qe7 22. Nb3 Nxb3 23. Qxb3 Qe5 24. Rd2 Qg5+ 0-1

[Event "SRB-ch U18 Girls"]
[Site "Divcibare"]
[Date "2009.08.03"]
[Round "8"]
[White "Vuckovic, Jovana"]
[Black "Eric, Jovana"]
[Result "0-1"]
[WhiteElo "1904"]
[BlackElo "2137"]
[PlyCount "108"]
[EventDate "2009.07.27"]
[EventType "tourn"]
[EventRounds "9"]
[EventCountry "SRB"]
[SourceTitle "EXT 2012"]
[Source "ChessBase"]
[SourceDate "2011.11.24"]
[SourceVersion "1"]
[SourceVersionDate "2011.11.24"]
[SourceQuality "1"]

1. d4 d5 2. c4 e6 3. Nf3 c6 4. cxd5 exd5 5. Nc3 Bd6 6. Bg5 f6 7. Bh4 Ne7 8. Bg3 Nf5 9. Bxd6 Nxd6 10. e3 Qb6 11. Qd2 Bg4 12. Na4 Qd8 13. Be2 0-0 14. 0-0 Ne4 15. Qb4 b5 16. Nc5 a5 17. Qe1 Nxc5 18. dxc5 Qe7 19. Rc1 Re8 20. Nd4 Bd7 21. a3 a4 22. Bd3 g6 23. Qc3 Na6 24. Rfe1 Nc7 25. e4 Qg7 26. Nf3 dxe4 27. Bxe4 f5 28. Qxg7+ Kxg7 29. Bc2 Be6 30. Rcd1 Bd5 31. Nd4 Kf6 32. Re2 Rad8 33. h4 Rxe2 34. Nxe2 Ne6 35. Nd4 Nxd4 36. Rxd4 Re8 37. Rd2 Re1+ 38. Kh2 Ke5 39. Bd1 Re4 40. Kg3 Rc4 41. Re2+ Kf6 42. Rc2 Rd4 43. Bf3 Rd3 44. Kf4 h6 45. Kg3 g5 46. hxg5+ hxg5 47. Kh2 Bxf3 48. gxf3 Rxf3 49. Rd2 Ke5 50. Kg2 Rb3 51. Kf1 b4 52. Rd6 Rxb2 53. axb4 a3 54. Rd1 a2 0-1

[Event "SRB-ch U18 Girls"]
[Site "Divcibare"]
[Date "2009.08.01"]
[Round "6"]
[White "Uzelac, Iva"]
[Black "Vuckovic, Jovana"]
[Result "1/2-1/2"]
[WhiteElo "1643"]
[BlackElo "1904"]
[PlyCount "151"]
[EventDate "2009.07.27"]
[EventType "tourn"]
[EventRounds "9"]
[EventCountry "SRB"]
[SourceTitle "EXT 2012"]
[Source "ChessBase"]
[SourceDate "2011.11.24"]
[SourceVersion "1"]
[SourceVersionDate "2011.11.24"]
[SourceQuality "1"]

1. Nf3 c5 2. c4 Nc6 3. g3 g6 4. d4 cxd4 5. Nxd4 Bg7 6. Nb3 Nf6 7. Bg2 0-0 8. 0-0 d6 9. Nc3 Rb8 10. e4 Ne5 11. Qe2 Be6 12. Nd5 Rc8 13. Nd2 Bxd5 14. exd5 Qc7 15. b3 Rfe8 16. Bb2 a6 17. Rac1 Ned7 18. Nf3 Qa5 19. Bc3 Qd8 20. Nd4 Nb6 21. Bh3 Rc5 22. Bb4 Rc7 23. Ba5 Nfd7 24. Bxd7 Nxd7 25. Bxc7 Qxc7 26. Nf3 a5 27. h4 Nf6 28. Nd4 Qd7 29. Nf3 h6 30. Kg2 Nh5 31. Qd2 b6 32. Qe3 Rb8 33. Nd4 Rb7 34. Rfe1 Qg4 35. Nc6 Bf6 36. Qf3 Qd7 37. Re2 Ng7 38. Rh1 h5 39. Rhe1 Nf5 40. Kh2 Qc7 41. Re4 b5 42. Rf4 Nh6 43. Kg2 Kg7 44. Rfe4 Nf5 45. Rf4 Nh6 46. Re2 bxc4 47. Rxc4 Qb6 48. Qe3 Qb5 49. Rd2 Nf5 50. Qd3 Qb6 51. Ra4 Rc7 52. Rc2 e6 53. Nxa5 Rxc2 54. Qxc2 exd5 55. Qc6 Ne3+ 56. fxe3 Qxe3 57. Rf4 Be5 58. Qc2 Bxf4 59. gxf4 d4 60. Nc4 Qxf4 61. Qf2 Qg4+ 62. Kh2 d3 63. Nb2 Qe4 64. Nc4 Qe2 65. Kg2 Qe4+ 66. Kg1 Qg4+ 67. Kf1 Qd1+ 68. Qe1 Qf3+ 69. Kg1 Qg4+ 70. Kf1 Qf3+ 71. Qf2 Qd1+ 72. Kg2 Qg4+ 73. Kh2 Qe2 74. Kg1 Qg4+ 75. Kh1 Qh3+ 76. Kg1 1/2-1/2

[Event "SRB-chT (Women)"]
[Site "Subotica"]
[Date "2008.09.11"]
[Round "9"]
[White "Vuckovic, Jovana"]
[Black "Olarasu, Gabriela"]
[Result "1/2-1/2"]
[WhiteElo "1977"]
[BlackElo "2295"]
[PlyCount "84"]
[EventDate "2008.09.03"]
[EventType "team"]
[EventRounds "11"]
[EventCountry "YUG"]
[SourceTitle "CBM 126 Extra"]
[Source "ChessBase"]
[SourceDate "2008.11.05"]
[SourceVersion "1"]
[SourceVersionDate "2008.11.05"]
[SourceQuality "1"]

1. d4 Nf6 2. Nf3 e6 3. Bf4 b6 4. e3 Bb7 5. Be2 Be7 6. 0-0 Nh5 7. Bg3 Nxg3 8. hxg3 c5 9. c3 0-0 10. Nbd2 d5 11. Ne5 f6 12. Nd3 Nc6 13. Nf4 Qd6 14. dxc5 bxc5 15. e4 Ne5 16. exd5 exd5 17. Nf3 Rfd8 18. Re1 Kh8 19. Nd3 Ng6 20. b4 cxb4 21. cxb4 Qb6 22. Rb1 Rd7 23. Qb3 a5 24. a4 Bd6 25. Bf1 axb4 26. Nxb4 Bxg3 27. Qa2 Qa7 28. Bb5 Rd6 29. Rbd1 Rad8 30. Nd4 Be5 31. Nbc6 Bxc6 32. Nxc6 Rxc6 33. Bxc6 d4 34. Bb5 Nf4 35. Qa3 g5 36. Qf3 g4 37. Qxg4 Rg8 38. Qf3 Nxg2 39. Kf1 Nxe1 40. Rxe1 Qc5 41. Qf5 Rg1+ 42. Ke2 Rxe1+ 1/2-1/2